Central Library OPAC University of Rajshahi

The monk / (Record no. 63316)

MARC details
000 -LEADER
fixed length control field 00778nam a2200253 a 4500
001 - CONTROL NUMBER
control field 63316
003 - CONTROL NUMBER IDENTIFIER
rucl marc code BD-RjUL
005 - DATE AND TIME OF LATEST TRANSACTION
control field 20211209081200.0
008 - FIXED-LENGTH DATA ELEMENTS--GENERAL INFORMATION
fixed length control field 170129t19591952nyu 000 0 eng d
035 ## - SYSTEM CONTROL NUMBER
System control number (BD-RjUL)63445
040 ## - CATALOGING SOURCE
Original cataloging agency HEI
Transcribing agency HEI
Modifying agency BD-RjUL
Language of cataloging eng
041 ## - LANGUAGE CODE
Language code of text/sound track or separate title eng
082 ## - DEWEY DECIMAL CLASSIFICATION NUMBER
Edition number 23
Classification number 823.7
Author mark and year LEM 1959
090 ## - LOCALLY ASSIGNED LC-TYPE CALL NUMBER (OCLC); LOCAL CALL NUMBER (OCLC)
Classification number (OCLC) (R) ; Classification number, CALL (RLIN) (NR) PR4887
Local cutter number (OCLC) ; Book number/undivided call number, CALL (RLIN) .M6 1959
099 ## - LOCAL FREE-TEXT CALL NUMBER (OCLC)
Bangla Class number PR4887.M6 1959
100 1# - MAIN ENTRY--PERSONAL NAME
Personal name Lewis, M. G.
Fuller form of name (Matthew Gregory),
Dates associated with a name 1775-1818.
9 (RLIN) 188420
245 14 - TITLE STATEMENT
Title The monk /
Statement of responsibility, etc. M. G. Lewis and original text, variant readings, and "A note on the text" Louis F. Peck
250 ## - EDITION STATEMENT
Edition statement 1st ed.
260 ## - PUBLICATION, DISTRIBUTION, ETC. (IMPRINT)
Place of publication, distribution, etc. New York :
Name of publisher, distributor, etc. Grove Press,
Date of publication, distribution, etc. 1959.
300 ## - PHYSICAL DESCRIPTION
Pagination 445 p. ;
Size 20 cm.
650 ## - SUBJECT ADDED ENTRY--TOPICAL TERM
Topical term or geographic name as entry element Man-woman relationships
General subdivision Fiction
9 (RLIN) 188421
700 1# - ADDED ENTRY--PERSONAL NAME
Personal name Peck, Louis F.
942 ## - ADDED ENTRY ELEMENTS (KOHA)
Source of classification or shelving scheme Dewey Decimal Classification
Koha item type Books
Holdings
Lost status Source of classification or shelving scheme Damaged status Not for loan Collection code Permanent Location Current Location Shelving location Date acquired Source of acquisition Cost, normal purchase price Total Checkouts Full call number Date last seen Copy number Koha item type
  Dewey Decimal Classification   Not For Loan Fiction Central Library, University of Rajshahi Central Library, University of Rajshahi Reading Room 26/07/1963 Zeitlinger 95.00   823.7 LEM 1959 29/01/2017 C-1 Books